ბათუმის შოთა რუსთაველის სახელმწიფო უნივერსიტეტის ბიბლიოთეკა

История государства и права России (ბიბ.ჩანაწერი № 36063)

000 -LEADER
fixed length control field 00611nam a2200229Ia 4500
001 - CONTROL NUMBER
control field 1963
003 - CONTROL NUMBER IDENTIFIER
control field GE_BSU
008 - FIXED-LENGTH DATA ELEMENTS--GENERAL INFORMATION
fixed length control field 181216s||||||||xx |||||||||||||| ||und||
020 ## - INTERNATIONAL STANDARD BOOK NUMBER
International Standard Book Number 5856390083
040 ## - CATALOGING SOURCE
Transcribing agency GE_BSU
080 ## - UNIVERSAL DECIMAL CLASSIFICATION NUMBER
Universal Decimal Classification number 340.1(470)(075.8)
100 ## - MAIN ENTRY--PERSONAL NAME
Personal name Исаев,И.А.
245 ## - TITLE STATEMENT
Title История государства и права России
245 ## - TITLE STATEMENT
Remainder of title Курс лекции
260 ## - PUBLICATION, DISTRIBUTION, ETC.
Place of publication, distribution, etc. Москва
260 ## - PUBLICATION, DISTRIBUTION, ETC.
Name of publisher, distributor, etc. БЕК
260 ## - PUBLICATION, DISTRIBUTION, ETC.
Date of publication, distribution, etc. 1993
300 ## - PHYSICAL DESCRIPTION
Extent 255стр. 20см.
653 ## - INDEX TERM--UNCONTROLLED
Uncontrolled term История государства и права России
942 ## - ADDED ENTRY ELEMENTS (KOHA)
Koha item type წიგნი
ეგზემპლარები
Withdrawn status Lost status Damaged status Not for loan Date acquired Barcode Date last seen Price effective from Koha item type
        2018-12-17 3814 2018-12-17 2018-12-17 წიგნი